LEADER 00590nab a2200145 i 4500 001 000000287037 003 CaOOAMICUS 005 20180831165343.0 008 180831n xx uu u0 0und r 013 $a40717 040 $aSeMil$bita 245 10$aKindertagesstätten und Gemeindekatechese. - 24 p. :$bill. - Titolo principale dalla copertina. 500 $a2002/2. 773 0 $tBeiheft zu den Katechetischen Blättern [2002].$dMünchen : Kösel, 2002.$w()241010 996 $6245$aKindertagesstätten und Gemeindekatechese. - 24 p. :$bill. - Titolo principale dalla copertina$9(OLS)http://semarc/title/367433 LEADER 00424naa a2200133 i 4500 001 000000305754 003 CaOOAMICUS 005 20180831172844.0 008 180831n xx u000 u und u 013 $a13998 040 $aSeMil$bita 100 1 $aBarrios Valdés, Marciano.$0(OLS)http://semarc/name/86555 245 13$aEl papa Paulo 6. y la prensa chilena. 996 $6245$aEl papa Paulo 6. y la prensa chilena$9(OLS)http://semarc/title/377541